00848nam a2200205 a 450000100100000000500170001000800410002704000250006808200150009310000420010824500800015026000810023030000200031149000180033183000260034904900090037595201220038495201190050699900170062500002846120200930054946.0110408s1972 dr 000 0 spa d aDO-SdBNPbspacBNPHU axxxbD352m1 aDelgado Billini, Biemvenido A.95541910aEl médico y la planificación familiar /cBiemvenido A. Delgado Billini. aSanto Domingo :bAsociación Dominicana Pro Bienestar de la Familia,c1972. a18 p. ;c21 cm.1 aDocumentosv7 0aDocumentos ;v791047 aBNPD 001054708PDaPDbPDcCTd2011-04-08iLF1l0oxxx D352mp28461-10r2020-06-25w2020-06-25yLFPDZPréstamo en sala 0010718PDaPDbPDcCTd2011-05-10iLF1l0oxxx D352mp28461-20r2020-06-25te. 2w2020-06-25yLFPDZNo se presta c27953d27953